[Event "CZE-ch"]
[Site "Zlin"]
[Date "1998.06.15"]
[Round "3"]
[White "Haba, Petr"]
[Black "Velicka, Petr"]
[Result "1-0"]
[WhiteElo "2570"]
[BlackElo "2430"]
[PlyCount "149"]
[EventDate "1998.06.13"]
[Source "ChessBase"]
[SourceDate "1998.09.30"]

1. e4 e5 2. Nf3 Nc6 3. Bb5 a6 4. Ba4 b5 5. Bb3 Na5 6. O-O d6 7. d4 exd4 8. Nxd4 Bd7 9. Bd2 Nxb3 10. axb3 Nf6 11. Nc3 Be7 12. Qf3 O-O 13. Nf5 Re8 14. Nxe7+ Qxe7 15. Bg5 Bc6 16. Bxf6 Qxf6 17. Qxf6 gxf6 18. Rfe1 b4 19. Nd5 Bxd5 20. exd5 Rxe1+ 21. Rxe1 Rb8 22. Kf1 Rb5 23. Rd1 Rc5 24. Rd2 Kf8 25. Ke2 Ke7 26. Kd1 f5 27. Rd4 a5 28. Kd2 Kf6 29. f4 Kg6 30. Rd3 Kh5 31. h3 Kg6 32. c4 bxc3+ 33. bxc3 Kf6 34. Kc2 Rb5 35. Kb2 Rb8 36. Re3 h5 37. h4 a4 38. b4 Rb5 39. Rd3 Rb8 40. Ka3 Rg8 41. g3 Ke7 42. Re3+ Kd7 43. Kxa4 Ra8+ 44. Kb5 Ra1 45. c4 Ra2 46. c5 Ra1 47. c6+ Kd8 48. Kc4 Rc1+ 49. Rc3 Ra1 50. Rd3 Rc1+ 51. Kb3 Rg1 52. Ka4 Re1 53. Ra3 Kc8 54. b5 Rb1 55. Ka5 Kd8 56. Re3 Rb2 57. Ka4 Rb1 58. Re2 Ra1+ 59. Kb3 Ra5 60. Kb4 Ra1 61. Re3 Rb1+ 62. Rb3 Rd1 63. Ra3 Rd4+ 64. Kc3 Rxd5 65. Ra8+ Ke7 66. Kc4 Rc5+ 67. Kb4 Rc1 68. Rc8 Rb1+ 69. Kc4 Rc1+ 70. Kd4 Rd1+ 71. Ke3 Re1+ 72. Kd2 Rb1 73. Rxc7+ Kd8 74. Rb7 Kc8 75. Kc3 1-0

[Event "Arnold Cup"]
[Site "Gausdal NOR"]
[Date "1993.??.??"]
[Round "3"]
[White "Tiviakov, Sergei"]
[Black "Tisdall, Jonathan D"]
[Result "0-1"]
[WhiteElo "2575"]
[BlackElo "2425"]
[PlyCount "76"]
[EventDate "1993.04.??"]
[Source "www.chesslib.no"]
[SourceDate "2004.05.04"]

1. e4 e5 2. Nf3 Nc6 3. Bb5 a6 4. Ba4 b5 5. Bb3 Na5 6. O-O d6 7. d4 f6 8. c4 Be6 9. d5 Bd7 10. Na3 Ne7 11. Bd2 Nxb3 12. axb3 Ng6 13. Rc1 Qb8 14. Ba5 Be7 15. b4 O-O 16. cxb5 axb5 17. Bxc7 Qb7 18. Ba5 Rac8 19. Rxc8 Rxc8 20. Nd2 f5 21. Nc2 Bg5 22. f3 Bxd2 23. Qxd2 fxe4 24. fxe4 Rc4 25. Re1 Nf4 26. Na3 Rd4 27. Qc2 Bg4 28. h3 Bh5 29. Kh2 h6 30. Re3 Bg6 31. Qc6 Qe7 32. Nxb5 Rd2 33. Rg3 Bxe4 34. Nxd6 Bxg2 35. Qc8+ Kh7 36. Qc1 Re2 37. Nc8 Bxd5+ 38. Kg1 Qh4 0-1

[Event "Frunze"]
[Site "Frunze"]
[Date "1983.??.??"]
[Round "?"]
[White "Tseshkovsky, Vitaly"]
[Black "Wittmann, Walter"]
[Result "1-0"]
[WhiteElo "2560"]
[BlackElo "2435"]
[PlyCount "87"]
[EventDate "1983.05.??"]
[Source "ChessBase"]

1. e4 e5 2. Nf3 Nc6 3. Bb5 a6 4. Ba4 b5 5. Bb3 Bc5 6. c3 d6 7. d4 exd4 8. cxd4 Bb6 9. Bg5 Nge7 10. Nc3 h6 11. d5 Ne5 12. Nxe5 hxg5 13. Nd3 Ng6 14. a4 Nh4 15. axb5 Nxg2+ 16. Kd2 Qf6 17. bxa6 Rxa6 18. Rxa6 Bxa6 19. Qg4 Bxd3 20. Ba4+ c6 21. Qc8+ Ke7 22. Qb7+ Kf8 23. Qxb6 g6 24. Kxd3 c5 25. Kc2 Qxf2+ 26. Kb1 Qf4 27. Nb5 Qxe4+ 28. Bc2 Qxd5 29. Rd1 Qe5 30. Rxd6 Kg7 31. Qb7 Nf4 32. Rd7 Qe1+ 33. Ka2 Qe6+ 34. Ka1 Rxh2 35. Re7 Qc4 36. Nd6 Qf1+ 37. Ka2 Rh8 38. Rxf7+ Kh6 39. Rxf4 Qxf4 40. Nf7+ Kg7 41. Nxh8+ Kxh8 42. Qc8+ Kg7 43. Qxc5 g4 44. Qc6 1-0

[Event "Avoine op"]
[Site "Avoine"]
[Date "1999.??.??"]
[Round "9"]
[White "Apicella, Manuel"]
[Black "Karpatchev, Aleksandr"]
[Result "1-0"]
[WhiteElo "2515"]
[BlackElo "2477"]
[PlyCount "128"]
[EventDate "1999.??.??"]
[Source "www.chesslib.no"]
[SourceDate "2004.05.04"]

1. e4 e5 2. Nf3 Nc6 3. Bb5 a6 4. Ba4 f5 5. d3 fxe4 6. dxe4 Nf6 7. O-O d6 8. Nc3 Be7 9. h3 b5 10. Bb3 Na5 11. Nd5 Nxb3 12. axb3 c6 13. Nxf6+ Bxf6 14. c4 Be6 15. Qd3 d5 16. exd5 cxd5 17. cxd5 Qxd5 18. Qxd5 Bxd5 19. Nxe5 Bxb3 20. Re1 O-O 21. Nd7 Rfe8 22. Nxf6+ gxf6 23. Rxe8+ Rxe8 24. Bd2 Re6 25. Ra3 Bc4 26. Rg3+ Kf7 27. Bc3 Rb6 28. Rg4 h5 29. Rd4 Kg6 30. Kh2 Be6 31. Kg3 Rc6 32. Rd8 Rc4 33. Rd6 b4 34. Bd2 Rc2 35. Bxb4 Rxb2 36. Bc5 Rb5 37. Rxe6 Rxc5 38. Rxa6 Rc3+ 39. Kf4 Rc4+ 40. Ke3 Rc3+ 41. Kd2 Rb3 42. Rd6 Ra3 43. Rd3 Ra2+ 44. Ke3 Rb2 45. Kf3 Ra2 46. Kg3 Rb2 47. Rf3 Rb4 48. Rf4 Rb1 49. Kh4 Ra1 50. Re4 Ra2 51. Kg3 Ra3+ 52. Re3 Ra2 53. Kf3 Rb2 54. Re2 Rb3+ 55. Kf4 Rb4+ 56. Kg3 Rb3+ 57. f3 Rb4 58. f4 Ra4 59. Rf2 Rb4 60. Kh4 Ra4 61. g3 Rb4 62. Ra2 Rc4 63. Ra5 Rc3 64. Rxh5 Rxg3 1-0

[Event "Malmo Open"]
[Site "Malmo SWE"]
[Date "1987.??.??"]
[Round "?"]
[White "Schmittdiel, Eckhard"]
[Black "Agdestein, Simen"]
[Result "1-0"]
[WhiteElo "2430"]
[BlackElo "2560"]
[PlyCount "77"]
[EventDate "1986.??.??"]
[Source "www.chesslib.no"]
[SourceDate "2004.05.04"]

1. e4 e5 2. Nf3 Nc6 3. Bb5 a6 4. Ba4 b5 5. Bb3 Na5 6. O-O d6 7. d4 f6 8. Bxg8 Rxg8 9. Ne1 g6 10. a4 b4 11. f4 Bb7 12. d5 c6 13. dxc6 Bxc6 14. Qe2 Qb6+ 15. Be3 Qb7 16. fxe5 fxe5 17. Nd2 Bxe4 18. Nxe4 Qxe4 19. Qf2 Qb7 20. Nd3 Nc6 21. Qh4 Be7 22. Qc4 Kd7 23. Rad1 Kc7 24. Rf7 Rge8 25. a5 Rac8 26. Bb6+ Kb8 27. Qe6 Nd4 28. Bxd4 exd4 29. Rd2 Rc7 30. Re2 Qb5 31. Rxh7 Qxa5 32. Qxg6 Qb5 33. Rh5 Qd7 34. Nxb4 Rb7 35. Nd5 Rb5 36. Rxe7 Rxe7 37. Nxe7 d3 38. Rh8+ Ka7 39. Qxd3 1-0

[Event "Hamburg op"]
[Site "Hamburg"]
[Date "1984.??.??"]
[Round "8"]
[White "Harandi, Khosro"]
[Black "Nunn, John DM"]
[Result "1/2-1/2"]
[WhiteElo "2415"]
[BlackElo "2575"]
[PlyCount "120"]
[EventDate "1984.07.??"]
[Source "ChessBase"]

1. e4 e5 2. Nf3 Nc6 3. Bb5 a6 4. Ba4 f5 5. d4 exd4 6. e5 Bc5 7. O-O Nge7 8. Qe2 d5 9. exd6 Qxd6 10. Bxc6+ bxc6 11. Bg5 O-O 12. Bxe7 Qxe7 13. Qxe7 Bxe7 14. Nxd4 Bf6 15. c3 Bxd4 16. cxd4 Rb8 17. b3 Rb4 18. Nd2 Rxd4 19. Nf3 Rd6 20. Rfe1 Be6 21. Re5 h6 22. Ra5 Ra8 23. Rc1 Bd5 24. Nd4 f4 25. f3 Rad8 26. Ne2 g5 27. Rxa6 Re8 28. Nc3 Rde6 29. Nxd5 cxd5 30. Rxe6 Rxe6 31. Rxc7 Re2 32. a4 Ra2 33. Kf1 d4 34. h3 Kf8 35. Ke1 Ke8 36. Kd1 Rxg2 37. a5 Ra2 38. b4 Kd8 39. Rc4 Ra3 40. Kc2 Rxf3 41. Kb2 Rf2+ 42. Kb3 Rf1 43. Rxd4+ Kc7 44. Kc4 f3 45. Kb5 f2 46. Rd2 h5 47. a6 g4 48. hxg4 hxg4 49. a7 Ra1 50. Rxf2 Rxa7 51. Rf7+ Kb8 52. Rf8+ Kb7 53. Rg8 Ra1 54. Rg7+ Kb8 55. Kb6 Rc1 56. b5 Rc8 57. Rxg4 Rh8 58. Ka6 Rh6+ 59. b6 Rh8 60. Rg7 Rf8 1/2-1/2

[Event "URS-FL"]
[Site "Sverdlovsk"]
[Date "1984.??.??"]
[Round "?"]
[White "Ehlvest, Jaan"]
[Black "Kupreichik, Viktor D"]
[Result "0-1"]
[WhiteElo "2505"]
[BlackElo "2480"]
[PlyCount "60"]
[EventDate "1984.11.??"]
[Source "ChessBase"]

1. e4 e5 2. Nf3 Nc6 3. Bb5 a6 4. Ba4 b5 5. Bb3 Na5 6. O-O d6 7. d4 exd4 8. Nxd4 Bb7 9. Bd2 Nxb3 10. Nxb3 Nf6 11. Re1 Be7 12. Na5 Rb8 13. Nxb7 Rxb7 14. Qf3 Qc8 15. Nc3 c6 16. Ne2 O-O 17. Nd4 Re8 18. Nf5 Bf8 19. Bg5 Nd7 20. Qg3 Nc5 21. f3 Ne6 22. Be3 d5 23. exd5 cxd5 24. c3 Nc5 25. Qg4 Nd3 26. Re2 Qc4 27. Rd1 g6 28. b3 Qxg4 29. fxg4 gxf5 30. Rxd3 f4 0-1

[Event "Novi Sad ol (Men)"]
[Site "Novi Sad YUG"]
[Date "1990.??.??"]
[Round "3"]
[White "Chandler, Murray G"]
[Black "Moutousis, Konstantinos"]
[Result "1-0"]
[WhiteElo "2585"]
[BlackElo "2395"]
[PlyCount "99"]
[EventDate "1990.11.??"]
[Source "www.chesslib.no"]
[SourceDate "2004.05.04"]

1. e4 e5 2. Nf3 Nc6 3. Bb5 a6 4. Ba4 b5 5. Bb3 Na5 6. O-O d6 7. d4 f6 8. h3 Ne7 9. Nc3 Qd7 10. dxe5 dxe5 11. Qe2 Nxb3 12. axb3 Bb7 13. Rd1 Qe6 14. Be3 Ng6 15. Nd5 Bd6 16. c4 c6 17. Nb6 Rd8 18. c5 Bc7 19. Rxd8+ Bxd8 20. Qc2 Bc7 21. b4 O-O 22. Rd1 Bc8 23. Nd2 Qe8 24. Nxc8 Qxc8 25. Qb3+ Kh8 26. Nf1 Nf4 27. Ng3 g6 28. Rd2 Kg7 29. Qd1 h5 30. Bxf4 exf4 31. Ne2 Rf7 32. Nd4 Be5 33. Nf3 Bc7 34. Nd4 Qe8 35. f3 Re7 36. Ne2 a5 37. bxa5 Bxa5 38. Rd4 Bc7 39. Qd2 g5 40. Rd3 Be5 41. Rd8 Qf7 42. Nd4 Ra7 43. Nxc6 Ra1+ 44. Kh2 g4 45. hxg4 hxg4 46. fxg4 Kg6 47. Nxe5+ fxe5 48. Qd6+ Kg5 49. Rh8 Qg7 50. Qd8+ 1-0

[Event "Velden Open"]
[Site "Velden GER"]
[Date "1995.??.??"]
[Round "8"]
[White "Wahls, Matthias"]
[Black "Mahdi, Khaled"]
[Result "0-1"]
[WhiteElo "2555"]
[BlackElo "2425"]
[PlyCount "90"]
[EventDate "1995.06.??"]
[Source "www.chesslib.no"]
[SourceDate "2004.05.04"]

1. e4 e5 2. Nf3 Nc6 3. Bb5 a6 4. Ba4 b5 5. Bb3 Bc5 6. c3 d6 7. O-O h6 8. d4 exd4 9. Nxd4 Bxd4 10. cxd4 Nge7 11. a4 Na5 12. axb5 Nxb3 13. Qxb3 O-O 14. Qd3 f5 15. Nc3 fxe4 16. Qxe4 d5 17. Qe5 Rf7 18. Re1 Bb7 19. bxa6 Rxa6 20. Rxa6 Bxa6 21. Bf4 c6 22. Ra1 Qc8 23. Qe3 Bc4 24. Be5 Nf5 25. Qd2 Nh4 26. Bg3 Nf5 27. Be5 Qe6 28. Re1 Re7 29. f3 Qc8 30. Na4 Rf7 31. Nc5 Bb5 32. Ra1 Nh4 33. Bg3 Nf5 34. Be5 Nh4 35. Qe1 Nf5 36. Ra3 Qd8 37. Ne6 Qe8 38. Nc5 Nxd4 39. Bg3 Re7 40. Qa5 Ne2+ 41. Kf2 Nxg3 42. Kxg3 Qg6+ 43. Kh3 Qh5+ 44. Kg3 Qg5+ 45. Kh3 Bf1 0-1

[Event "Vadsø"]
[Site "?"]
[Date "2002.08.31"]
[Round "3"]
[White "Feoktistov Alexey (RUS)"]
[Black "Agdestein Simen"]
[Result "0-1"]
[WhiteElo "2405"]
[BlackElo "2572"]
[PlyCount "106"]
[EventDate "2002.??.??"]
[Source "www.chesslib.no"]
[SourceDate "2004.05.04"]

1. e4 e5 2. Nf3 Nc6 3. Bb5 a6 4. Ba4 b5 5. Bb3 Na5 6. O-O d6 7. d4 f6 8. c3 Nxb3 9. Qxb3 c5 10. a4 Bd7 11. axb5 axb5 12. Rxa8 Qxa8 13. dxc5 Qxe4 14. Nbd2 Qc6 15. cxd6 Bxd6 16. Re1 Ne7 17. Ne4 Bc7 18. Qa3 Be6 19. Qc5 Bd5 20. Qxc6+ Bxc6 21. Nfd2 Kf7 22. Nc5 Ra8 23. Kf1 h6 24. Nd3 Nd5 25. Nb3 g5 26. h3 h5 27. Nbc5 g4 28. h4 Kg6 29. Ne6 Bd6 30. Nec5 Rd8 31. Kg1 Ne7 32. Ne6 Re8 33. Nec5 Rd8 34. Ne6 Rc8 35. b4 Nd5 36. Bd2 Ra8 37. Nec5 Nb6 38. Ne4 Bxe4 39. Rxe4 Nc4 40. Be1 f5 41. Re2 e4 42. Nc1 Be5 43. Nb3 Ra3 44. Nd4 Bxd4 45. cxd4 Kf7 46. Rc2 Ra1 47. Kf1 f4 48. Re2 f3 49. gxf3 gxf3 50. Re3 Kf6 51. Rc3 Nd2+ 52. Kg1 Rxe1+ 53. Kh2 Nc4 0-1

[Event "Zillertal Open"]
[Site "Zillertal"]
[Date "1993.??.??"]
[Round "?"]
[White "Kveinys, Aloyzas"]
[Black "Mahdi, Khaled"]
[Result "1-0"]
[WhiteElo "2555"]
[BlackElo "2420"]
[PlyCount "121"]
[EventDate "1993.06.??"]
[Source "www.chesslib.no"]
[SourceDate "2004.05.04"]

1. e4 e5 2. Nf3 Nc6 3. Bb5 a6 4. Ba4 b5 5. Bb3 Bc5 6. Nxe5 Qg5 7. Ng4 h5 8. d4 Bb4+ 9. c3 Qxg4 10. Qxg4 hxg4 11. cxb4 Nxd4 12. Bd1 d6 13. Nc3 Ne7 14. Be3 Ndc6 15. a3 Be6 16. Ne2 Ng6 17. Rc1 Kd7 18. Nf4 Nxf4 19. Bxf4 f6 20. Rc3 a5 21. bxa5 Nxa5 22. O-O Rhb8 23. Rg3 b4 24. Bxg4 Bxg4 25. Rxg4 g5 26. axb4 Nc4 27. b3 gxf4 28. bxc4 Rxb4 29. Rxf4 Ke6 30. c5 dxc5 31. g3 Raa4 32. Re1 c4 33. Rc1 Ke5 34. h4 Ra3 35. h5 Rd3 36. h6 Rd7 37. Rf5+ Kxe4 38. Rxf6 Rh7 39. Kg2 Kd3 40. Rc6 Kd4 41. g4 Kd5 42. Rf6 Rb6 43. Rf5+ Ke4 44. Rxc4+ Kd3 45. Rfc5 Rbxh6 46. Rc3+ Kd2 47. Rc2+ Ke1 48. Rxc7 Rh2+ 49. Kg3 R7h3+ 50. Kf4 Rh8 51. Ra2 Kd1 52. Rd7+ Kc1 53. Rf7 Re8 54. Kg3 Rhh8 55. Rc7+ Kb1 56. Rd2 Re1 57. Rc5 Rg1+ 58. Kf4 Rh2 59. Rcc2 Rh8 60. Rb2+ Kc1 61. Rdc2+ 1-0

[Event "URS-chI"]
[Site "Minsk"]
[Date "1985.??.??"]
[Round "9"]
[White "Smagin, Sergey"]
[Black "Kupreichik, Viktor D"]
[Result "1-0"]
[WhiteElo "2485"]
[BlackElo "2490"]
[PlyCount "84"]
[EventDate "1985.10.??"]
[Source "ChessBase"]

1. e4 e5 2. Nf3 Nc6 3. Bb5 a6 4. Ba4 b5 5. Bb3 Na5 6. O-O d6 7. d4 exd4 8. Nxd4 Bb7 9. Bd2 Nxb3 10. Nxb3 Nf6 11. Re1 Be7 12. Na5 Rb8 13. Nxb7 Rxb7 14. Qf3 Qc8 15. Nc3 c6 16. Ne2 O-O 17. Nd4 g6 18. e5 Nd5 19. Bh6 Rd8 20. e6 Bf6 21. Nxc6 Qxc6 22. Rad1 fxe6 23. Rxe6 Be5 24. Rxd5 Qc8 25. Rd2 Qxe6 26. Qxb7 Bxb2 27. g3 Bf6 28. Qf3 Be5 29. Qa3 d5 30. Re2 Qd6 31. Qe3 Bg7 32. Bxg7 Kxg7 33. Qd4+ Kg8 34. Re5 Kf7 35. h4 Qc6 36. h5 Qxc2 37. Kg2 Qc6 38. h6 Rd7 39. Re3 Kg8 40. Re8+ Kf7 41. Qh8 d4+ 42. Kh2 Qd6 1-0

[Event "Campionato Americano 2007"]
[Site "Cali COL"]
[Date "2007.07.11"]
[Round "2.4"]
[White "Spraggett, Kevin"]
[Black "Castro, Oscar H"]
[Result "1-0"]
[WhiteElo "2585"]
[BlackElo "2390"]
[PlyCount "59"]
[EventDate "2007.07.10"]
[Source "www.chesslib.no"]
[SourceDate "2004.05.04"]

1. e4 e5 2. Nf3 Nc6 3. Bb5 a6 4. Ba4 d6 5. O-O b5 6. Bb3 Na5 7. d4 exd4 8. Nxd4 Bb7 9. Bd2 Nxb3 10. Nxb3 Rc8 11. Na5 Ba8 12. c4 Nf6 13. Qe2 Qd7 14. Nc3 Be7 15. f3 c6 16. a4 b4 17. Nd1 O-O 18. Nf2 d5 19. e5 Qe6 20. Rfe1 Nd7 21. cxd5 cxd5 22. Nb3 Rc4 23. Nd3 a5 24. Kh1 Rfc8 25. Rad1 Nf8 26. Be3 Qa6 27. e6 Qxe6 28. Nd4 Qg6 29. b3 R4c7 30. f4 1-0

[Event "Excelsior Cup"]
[Site "Goteborg"]
[Date "2003.??.??"]
[Round "3"]
[White "Nyysti, Sampsa"]
[Black "Johannessen, Leif Erlend"]
[Result "1/2-1/2"]
[WhiteElo "2445"]
[BlackElo "2527"]
[PlyCount "95"]
[EventDate "2003.01.??"]
[Source "Roberto Alvarez"]
[SourceDate "2003.02.17"]

1. e4 e5 2. Nf3 Nc6 3. Bb5 a6 4. Ba4 b5 5. Bb3 Na5 6. O-O d6 7. d4 Nxb3 8. axb3 f6 9. Nc3 Bb7 10. Nh4 Ne7 11. dxe5 dxe5 12. Qf3 Qc8 13. Be3 h5 14. h3 Qe6 15. Rfd1 g5 16. Nd5 O-O-O 17. Nxe7+ Bxe7 18. Qf5 Qxf5 19. Nxf5 Rxd1+ 20. Rxd1 Bf8 21. f3 h4 22. c3 Rh7 23. b4 Rd7 24. Rxd7 Kxd7 25. g3 hxg3 26. Kg2 Ke6 27. Kxg3 Bc6 28. Ba7 Bd7 29. Ne3 Bd6 30. h4 gxh4+ 31. Kxh4 Be8 32. Bc5 Bg6 33. Kg4 Be8 34. Bxd6 cxd6 35. Nd5 f5+ 36. Kg5 Bc6 37. Nf6 fxe4 38. fxe4 d5 39. exd5+ Bxd5 40. Nxd5 Kxd5 41. Kf5 Kc4 42. Kxe5 Kb3 43. Kd4 Kxb2 44. c4 bxc4 45. Kxc4 Ka3 46. Kc5 Kb3 47. Kb6 Kxb4 48. Kxa6 1/2-1/2

[Event "Oberwart"]
[Site "?"]
[Date "2000.??.??"]
[Round "9"]
[White "Dvoirys Semen I"]
[Black "Wittmann Walter"]
[Result "1-0"]
[WhiteElo "2591"]
[BlackElo "2377"]
[PlyCount "101"]
[EventDate "2000.??.??"]
[Source "www.chesslib.no"]
[SourceDate "2004.05.04"]

1. e4 e5 2. Nf3 Nc6 3. Bb5 a6 4. Ba4 b5 5. Bb3 Bc5 6. a4 b4 7. O-O d6 8. c3 Bg4 9. Bd5 Qd7 10. Bxc6 Qxc6 11. Nxe5 dxe5 12. Qxg4 Nf6 13. Qg3 Qxe4 14. cxb4 Bxb4 15. Nc3 Bxc3 16. dxc3 O-O 17. f3 Qf5 18. Bg5 Rab8 19. Rf2 Nd5 20. Rd1 c6 21. Re2 f6 22. Bc1 Rbd8 23. Re4 Rd7 24. Rde1 Rfd8 25. Qf2 g5 26. Qc5 Qe6 27. Qa5 Ra8 28. h4 h6 29. hxg5 hxg5 30. c4 Ne7 31. Bxg5 Nf5 32. Qc5 Rg7 33. Bd2 Rd8 34. Bc3 Rd3 35. Qf2 Nd6 36. Rh4 Nxc4 37. Rh5 Qd5 38. Qh4 Nd6 39. Rh8+ Kf7 40. Qh5+ Ke6 41. Qh3+ Ke7 42. Ra8 Qc5+ 43. Kh2 Nf7 44. Rb8 Ng5 45. Qh8 Nxf3+ 46. Kh1 Rxg2 47. Qe8+ Kd6 48. Rd8+ Kc7 49. Ba5+ Qxa5 50. Qe7+ Kb6 51. Rb8# 1-0

[Event "Reykjavik op"]
[Site "Reykjavik"]
[Date "1982.??.??"]
[Round "?"]
[White "Wedberg, Tom"]
[Black "Olafsson, Fridrik"]
[Result "1-0"]
[WhiteElo "2435"]
[BlackElo "2530"]
[PlyCount "72"]
[EventDate "1982.02.??"]
[Source "ChessBase"]

1. e4 e5 2. Nf3 Nc6 3. Bb5 a6 4. Ba4 d6 5. O-O b5 6. Bb3 Na5 7. d4 exd4 8. Nxd4 Ne7 9. Bg5 Nxb3 10. axb3 Qd7 11. Nc3 f6 12. Bd2 c6 13. Bf4 Bb7 14. Qe2 Ng6 15. Bg3 Be7 16. Nf5 O-O 17. Rad1 d5 18. Qg4 Rfd8 19. exd5 cxd5 20. h3 Bf8 21. Rfe1 Qf7 22. h4 Kh8 23. h5 Ne5 24. Bxe5 fxe5 25. Rxe5 Re8 26. Rde1 Rxe5 27. Rxe5 b4 28. Ne2 Qf6 29. Nf4 Qxe5 30. Ng6+ hxg6 31. hxg6 Qe1+ 32. Kh2 Qd2 33. Qh3+ Qh6 34. Nxh6 gxh6 35. Qd7 Bg7 36. Qxb7 Rf8 1-0

[Event "Troll Masters"]
[Site "Gausdal NOR"]
[Date "1993.??.??"]
[Round "6"]
[White "Ernst, Thomas"]
[Black "Tisdall, Jonathan D"]
[Result "0-1"]
[WhiteElo "2540"]
[BlackElo "2425"]
[PlyCount "54"]
[EventDate "1993.01.??"]
[Source "www.chesslib.no"]
[SourceDate "2004.05.04"]

1. e4 e5 2. Nf3 Nc6 3. Bb5 a6 4. Ba4 b5 5. Bb3 Na5 6. O-O d6 7. d4 f6 8. Bxg8 Rxg8 9. b4 Nc4 10. Nbd2 Nxd2 11. Qxd2 Bb7 12. Re1 Qd7 13. Bb2 Be7 14. a4 f5 15. axb5 fxe4 16. bxa6 Rxa6 17. Ng5 Rxa1 18. Bxa1 Qg4 19. Nh3 Qxg2+ 20. Kxg2 e3+ 21. Kg1 exd2 22. Rd1 g5 23. dxe5 g4 24. Nf4 Bg5 25. Ne2 Be4 26. exd6 Bxc2 27. dxc7 Kd7 0-1

[Event "Magistral Algarve"]
[Site "Vila Real de Santo Antonio"]
[Date "1998.06.27"]
[Round "9"]
[White "Strikovic, Aleksa"]
[Black "Santos, Carlos P"]
[Result "1-0"]
[WhiteElo "2565"]
[BlackElo "2400"]
[PlyCount "47"]
[EventDate "1998.06.??"]
[Source "www.chesslib.no"]
[SourceDate "2004.05.04"]

1. e4 e5 2. Nf3 Nc6 3. Bb5 a6 4. Ba4 b5 5. Bb3 Na5 6. O-O d6 7. d4 f6 8. Bd2 Nxb3 9. axb3 Bb7 10. d5 Ne7 11. c4 Ng6 12. Na3 Be7 13. Qc2 Qd7 14. Rfc1 Rc8 15. Qd3 c6 16. dxc6 Bxc6 17. Nc2 f5 18. exf5 e4 19. Qe3 exf3 20. fxg6 Qg4 21. Ne1 hxg6 22. cxb5 axb5 23. Ra7 Qh4 24. Nxf3 1-0

[Event "Troll Masters"]
[Site "Gausdal"]
[Date "1990.??.??"]
[Round "5"]
[White "King, Daniel J"]
[Black "Gausel, Einar"]
[Result "1/2-1/2"]
[WhiteElo "2515"]
[BlackElo "2440"]
[PlyCount "31"]
[EventDate "1990.01.??"]
[Source "ChessBase"]

1. e4 e5 2. Nf3 Nc6 3. Bb5 a6 4. Ba4 b5 5. Bb3 Na5 6. O-O d6 7. d4 Nxb3 8. axb3 f6 9. c4 b4 10. d5 c5 11. Nh4 g6 12. f4 exf4 13. Bxf4 Nh6 14. Nd2 Nf7 15. Bg3 Bg7 16. Qc2 1/2-1/2

[Event "URS-chI"]
[Site "Minsk"]
[Date "1985.??.??"]
[Round "4"]
[White "Tseshkovsky, Vitaly"]
[Black "Kupreichik, Viktor D"]
[Result "1-0"]
[WhiteElo "2465"]
[BlackElo "2490"]
[PlyCount "67"]
[EventDate "1985.10.??"]
[Source "ChessBase"]

1. e4 e5 2. Nf3 Nc6 3. Bb5 a6 4. Ba4 b5 5. Bb3 Na5 6. O-O d6 7. d4 exd4 8. Nxd4 Bb7 9. c4 c5 10. Nf5 g6 11. Ng3 Bg7 12. Nc3 b4 13. Nd5 Nf6 14. Ba4+ Kf8 15. a3 Nxc4 16. Nxf6 Bxf6 17. axb4 Kg7 18. bxc5 dxc5 19. Qb3 Nb6 20. Nf5+ gxf5 21. Qg3+ Kf8 22. Rd1 Bd4 23. Bh6+ Ke7 24. Rxd4 Qxd4 25. Rd1 Qxd1+ 26. Bxd1 Nd7 27. exf5 Rhe8 28. Bd2 Rac8 29. f6+ Kxf6 30. Qd6+ Re6 31. Qxd7 Rce8 32. h3 Bc6 33. Bc3+ Kg6 34. Qd3+ 1-0

[Event "Kobenhavn"]
[Site "?"]
[Date "1990.??.??"]
[Round "?"]
[White "Smagin, S."]
[Black "Stein, B."]
[Result "1-0"]
[WhiteElo "2540"]
[BlackElo "2415"]
[PlyCount "53"]
[EventDate "1990.??.??"]
[Source "ChessBase"]
[SourceDate "1990.07.01"]

1. e4 e5 2. Nf3 Nc6 3. Bb5 a6 4. Ba4 b5 5. Bb3 Na5 6. O-O d6 7. d4 exd4 8. Nxd4 Nxb3 9. axb3 Bb7 10. Nc3 g6 11. Nd5 Bg7 12. Bg5 Qd7 13. c4 h6 14. Bh4 g5 15. Nf5 Bxb2 16. Ra2 Be5 17. Bg3 Rd8 18. f4 gxf4 19. Bxf4 c6 20. Bxe5 dxe5 21. Qa1 f6 22. Nxf6+ Nxf6 23. Qxe5+ Kf7 24. Raf2 Qe6 25. Nd6+ Rxd6 26. Rxf6+ Qxf6 27. Qxd6 1-0

[Event "La Pobla de Lillet op"]
[Site "?"]
[Date "1996.??.??"]
[Round "?"]
[White "Garcia Gildardo"]
[Black "Cicak Slavko"]
[Result "1-0"]
[WhiteElo "2525"]
[BlackElo "2425"]
[PlyCount "67"]
[EventDate "1996.??.??"]
[Source "www.chesslib.no"]
[SourceDate "2004.05.04"]

1. e4 e5 2. Nf3 Nc6 3. Bb5 a6 4. Ba4 b5 5. Bb3 Na5 6. O-O d6 7. d4 exd4 8. Nxd4 Bd7 9. Re1 c5 10. e5 cxd4 11. exd6+ Be6 12. Bxe6 fxe6 13. Qh5+ g6 14. Qe5 Qf6 15. Qd5 O-O-O 16. Qc5+ Kb7 17. Qc7+ Ka8 18. Qxa5 Rxd6 19. Nd2 Rc6 20. Ne4 Qe7 21. a4 b4 22. Bf4 Bg7 23. Ng5 Nf6 24. Nf3 Qa7 25. Be5 Nh5 26. Qxb4 Rxc2 27. Nxd4 a5 28. Qd6 Rxb2 29. Rab1 Bxe5 30. Qxe5 Rhb8 31. Qe4+ R2b7 32. Nxe6 Rc8 33. Rb5 Nf6 34. Qf3 1-0

[Event "Gausdal Int"]
[Site "Gausdal NOR"]
[Date "1990.??.??"]
[Round "3"]
[White "Kotronias, Vasilios"]
[Black "Gausel, Einar"]
[Result "1-0"]
[WhiteElo "2510"]
[BlackElo "2440"]
[PlyCount "81"]
[EventDate "1990.08.??"]
[Source "www.chesslib.no"]
[SourceDate "2004.05.04"]

1. e4 e5 2. Nf3 Nc6 3. Bb5 a6 4. Ba4 b5 5. Bb3 Na5 6. O-O d6 7. d4 Nxb3 8. axb3 f6 9. Nc3 Bb7 10. Be3 Ne7 11. dxe5 dxe5 12. Qe2 Qd7 13. Rfd1 Qe6 14. Rd2 b4 15. Na4 Ng6 16. Bc5 Nf4 17. Qe3 Qc6 18. Bxf8 Rxf8 19. Nc5 Rf7 20. Rad1 Ne6 21. Nxb7 Qxb7 22. Rd5 Nf4 23. R5d2 Re7 24. g3 Ne6 25. Rd5 c6 26. Rd6 Rd8 27. Rxd8+ Nxd8 28. Qc5 Ne6 29. Qd6 Kf7 30. Rd3 c5 31. Rd5 a5 32. Nd2 Nc7 33. Rxc5 Ne6 34. Rxa5 Qc8 35. Nc4 Nd4 36. Qxd4 exd4 37. Nd6+ Kg6 38. Nxc8 Rc7 39. Nd6 Rxc2 40. Nf5 d3 41. Ra7 1-0

[Event "Andorra op"]
[Site "Andorra"]
[Date "2001.07.04"]
[Round "5"]
[White "Handke, Florian"]
[Black "Narciso Dublan, Marc"]
[Result "1-0"]
[WhiteElo "2405"]
[BlackElo "2544"]
[PlyCount "91"]
[EventDate "2001.06.30"]
[Source "ChessBase"]
[SourceDate "2001.09.11"]

1. e4 e5 2. Nf3 Nc6 3. Bb5 a6 4. Ba4 b5 5. Bb3 Na5 6. O-O d6 7. d4 exd4 8. Nxd4 Ne7 9. Qf3 Nxb3 10. axb3 Bb7 11. Nc3 c5 12. Nde2 b4 13. Nd5 Nxd5 14. exd5 Be7 15. Ng3 O-O 16. Bf4 Qd7 17. Rad1 f5 18. Nh5 Rf7 19. Qg3 Re8 20. Bh6 f4 21. Nxf4 Bf6 22. Ne6 Bxb2 23. Bf4 Rf6 24. Bxd6 Rg6 25. Nxc5 Qc8 26. Qf4 Qh3 27. g3 Rh6 28. g4 Rxd6 29. Rd3 Be5 30. Rxh3 Bxf4 31. Nxb7 Rxd5 32. Rf3 g5 33. Ra1 Re2 34. Ra2 Rd1+ 35. Kg2 Rdd2 36. Rxa6 Rxc2 37. h4 Be3 38. Raf6 gxh4 39. Nd6 h3+ 40. Kg3 Bd4 41. Rf8+ Kg7 42. R3f7+ Kh6 43. Nf5+ Kg6 44. Nh4+ Kh6 45. g5+ Kxg5 46. Rg8+ 1-0

[Event "Montauban FRA"]
[Site "?"]
[Date "2000.06.23"]
[Round "9"]
[White "Murey Jacob"]
[Black "Bricard Emmanuel"]
[Result "1-0"]
[WhiteElo "2487"]
[BlackElo "2461"]
[PlyCount "81"]
[EventDate "2000.??.??"]
[Source "www.chesslib.no"]
[SourceDate "2004.05.04"]

1. e4 e5 2. Nf3 Nc6 3. Bb5 a6 4. Ba4 b5 5. Bb3 Na5 6. O-O d6 7. d4 exd4 8. Nxd4 Bd7 9. c4 Nxc4 10. a4 Na5 11. axb5 axb5 12. Nxb5 Nf6 13. N1c3 Be7 14. Bc2 Bc6 15. Qe2 Bb7 16. e5 dxe5 17. Qxe5 O-O 18. Qxc7 Qxc7 19. Nxc7 Rac8 20. Rxa5 Rxc7 21. Bf4 Rc4 22. Bg3 Rd8 23. Rd1 Rxd1+ 24. Bxd1 Ne4 25. Re5 Kf8 26. Rb5 Rb4 27. Rxb4 Bxb4 28. Nxe4 Bxe4 29. Be5 f6 30. Bd4 Ke7 31. f3 Bd3 32. Kf2 Bd2 33. Be2 Bc2 34. Bc5+ Ke6 35. Bc4+ Ke5 36. Ke2 Bc1 37. b4 Ba3 38. Bd3 Bxd3+ 39. Kxd3 Kd5 40. Kc3 f5 41. Be3 1-0